000 00840nam a22002417a 4500
003 DO-SdBNP
005 20180216155135.0
008 180216b 1996 dr ||| 00| 0 spa d
040 _aBPMSU
_bspa
_cBPMSU
082 _axxx
_bxxxx
100 1 _aMedrano, Sonia
245 1 0 _aCurso superior de lengua española II
_cSonia Medrano, Cristiana Hernández
260 _aSanto Domingo;
_bUniversidad Autónoma de Santo Domingo (UASD),
_c1996.
300 _a118 p.
_c21 cm.
490 0 _aPublicaciones de la Universidad Autónoma de Santo Domingo
_v743
490 0 _aLingüística y sociedad
_v8
700 1 _aHernández, Cristiana
830 0 _aPublicaciones de la Universidad Autónoma de Santo Domingo
_n743
830 0 _aLingüística y sociedad
_n8
942 _2ddc
_cBK
945 _aInventariado, 2018/ YL
956 _aYLOCKWARD
_b10
_cBPMSU
999 _c13308
_d13308